Información sobre oferta y demanda de habilidades en Colombia: Una propuesta metodológica / (Registro nro. 11795)

Detalles MARC
000 -LEADER
fixed length control field 01815nam a2200253Ia 4500
003 - CONTROL NUMBER IDENTIFIER
control field OSt
005 - DATE AND TIME OF LATEST TRANSACTION
control field 20210524112557.0
008 - FIXED-LENGTH DATA ELEMENTS--GENERAL INFORMATION
fixed length control field 210310s1999 pe ad gr 000 0 spa d
020 ## - INTERNATIONAL STANDARD BOOK NUMBER
International Standard Book Number 9223118859
022 ## - INTERNATIONAL STANDARD SERIAL NUMBER
Source 10203974
040 ## - CATALOGING SOURCE
Original cataloging agency CO-JMCR
Transcribing agency CO-JMCR
041 0# - LANGUAGE CODE
Language code of text/sound track or separate title spa
082 04 - DEWEY DECIMAL CLASSIFICATION NUMBER
Classification number 331.11423 /
Item number L925i
Edition number 23
100 1# - MAIN ENTRY--PERSONAL NAME
Personal name López Castaño, Hugo,
Relator term autor
9 (RLIN) 26438
245 10 - TITLE STATEMENT
Title Información sobre oferta y demanda de habilidades en Colombia: Una propuesta metodológica /
Statement of responsibility, etc. Hugo Lopez Castaño
260 ## - PUBLICATION, DISTRIBUTION, ETC.
Place of publication, distribution, etc. Perú :
Name of publisher, distributor, etc. Oficina Internacional del Trabajo,
Date of publication, distribution, etc. 1999.
300 ## - PHYSICAL DESCRIPTION
Extent 47 páginas :
Other physical details ilustraciones y gráficas en blanco y negro ;
Dimensions 28 cm.
490 0# - SERIES STATEMENT
Series statement Documentos de trabajo ;
Volume/sequential designation 113
504 ## - BIBLIOGRAPHY, ETC. NOTE
Bibliography, etc. note Bibliografía: páginas 47.
505 0# - FORMATTED CONTENTS NOTE
Formatted contents note Contexto e importancia de la educación y la capacitación para el trabajo: evolución reciente del mercado laboral colombiano. -- Perspectivas futuras del desempleo y retos estratégicos en materia de educación y capacitación laboral. -- Informe sobre oferta y demanda de habilidades: fallas del sistema y fuentes de información. -- La información de las encuestas periódicas de hogares. -- Dificultades de previsión futura: estimaciones agregadas sobre la oferta y la demanda futura del trabajo. -- Las dificultades de previsión para grupos específicos: el caso de la oferta y la demanda de profesionales y técnicos / tecnólogos. -- Ventajas y limitaciones de la información corriente de las encuestas de hogares. -- La información del SENA y de sus centros de información para el empleo. -- Propuesta metodológica: condiciones institucionales y técnicas para la información sobre oferta y demanda de habilidades.
650 14 - SUBJECT ADDED ENTRY--TOPICAL TERM
Topical term or geographic name entry element Oferta y demanda de empleo
General subdivision Información
9 (RLIN) 37812
650 24 - SUBJECT ADDED ENTRY--TOPICAL TERM
Topical term or geographic name entry element Habilidades laborales.
9 (RLIN) 37813
942 ## - ADDED ENTRY ELEMENTS (KOHA)
Source of classification or shelving scheme Dewey Decimal Classification
Koha item type Books
Existencias
Withdrawn status Lost status Source of classification or shelving scheme Damaged status Not for loan Home library Current library Shelving location Date acquired Source of acquisition Full call number Barcode Date last seen Copy number Price effective from Koha item type
    Dewey Decimal Classification     Biblioteca Pública José María del Castillo y Rada Biblioteca Pública José María del Castillo y Rada General Stacks 04/15/2018 Donación 331.11423 / L925i 430002759 05/16/2024 Ej.1 03/10/2021 Books